[Event "Politiken Cup 34th"]
[Site "Helsingor"]
[Date "2012.08.03"]
[Round "8"]
[White "Gebhardt, Ulrich"]
[Black "Rosell, Sven"]
[Result "1/2-1/2"]
[WhiteElo "2222"]
[BlackElo "1937"]
[PlyCount "108"]
[EventDate "2012.07.28"]
[EventType "swiss"]
[EventRounds "10"]
[EventCountry "DEN"]
[SourceTitle "CBM 149 Extra"]
[Source "ChessBase"]
[SourceDate "2012.08.24"]
[SourceVersion "1"]
[SourceVersionDate "2012.08.24"]
[SourceQuality "1"]

1. d4 Nf6 2. c4 g6 3. g3 Bg7 4. Bg2 0-0 5. Nc3 d6 6. Nf3 Nbd7 7. 0-0 e5 8. b3 exd4 9. Nxd4 a6 10. Bb2 Rb8 11. Qd2 Re8 12. Rad1 c5 13. Nf3 b5 14. cxb5 axb5 15. Qxd6 b4 16. Na4 Ne4 17. Qxb8 Nxb8 18. Rxd8 Rxd8 19. Bxg7 Kxg7 20. Rc1 Ba6 21. e3 Bb5 22. Ne5 Nc3 23. Nxc3 bxc3 24. Bf3 Rd2 25. a4 Ba6 26. Rxc3 Rb2 27. Bd5 Rb1+ 28. Kg2 Bf1+ 29. Kf3 f6 30. Nc6 Na6 31. Bc4 Bxc4 32. bxc4 Rb6 33. Ne7 Rb2 34. a5 Ra2 35. Nc6 f5 36. Rb3 Nb4 37. Nxb4 cxb4 38. Rxb4 Rxa5 39. Rb2 Kf6 40. h4 Rc5 41. Rc2 Ke5 42. Ke2 h6 43. Kd3 g5 44. h5 g4 45. Rc1 Kf6 46. Kd4 Rc8 47. c5 Kg5 48. Ke5 Kxh5 49. c6 f4 50. exf4 Rxc6 51. Rd1 Rc2 52. Ke6 Kg6 53. f5+ Kg5 54. Rd5 Rc6+ 1/2-1/2

[Event "Politiken Cup 34th"]
[Site "Helsingor"]
[Date "2012.07.28"]
[Round "1"]
[White "Rosell, Sven"]
[Black "Popovic, Dusan"]
[Result "0-1"]
[WhiteElo "1937"]
[BlackElo "2579"]
[PlyCount "92"]
[EventDate "2012.07.28"]
[EventType "swiss"]
[EventRounds "10"]
[EventCountry "DEN"]
[SourceTitle "CBM 149 Extra"]
[Source "ChessBase"]
[SourceDate "2012.08.24"]
[SourceVersion "1"]
[SourceVersionDate "2012.08.24"]
[SourceQuality "1"]

1. c4 g6 2. Nf3 Bg7 3. Nc3 d6 4. g3 Nf6 5. Bg2 0-0 6. 0-0 Nc6 7. d3 e5 8. Rb1 a5 9. a3 h6 10. b4 axb4 11. axb4 Be6 12. b5 Ne7 13. Bb2 Nd7 14. Qc2 f5 15. Ra1 Rc8 16. Nd2 b6 17. Nd5 g5 18. Ra7 Nc5 19. Nb3 Nxd5 20. cxd5 Bd7 21. Nxc5 bxc5 22. Bc3 Bxb5 23. Rb1 Bd7 24. Ba5 f4 25. e4 f3 26. Bf1 Rf7 27. Rbb7 Bg4 28. Qb3 Bf8 29. Qb5 h5 30. h3 Bd7 31. Qb3 Be8 32. Qc2 Bg7 33. Qc1 Bf6 34. Qe3 g4 35. Qc1 Rg7 36. Bd2 h4 37. hxg4 Bd7 38. Bh6 Rg6 39. g5 Bxg5 40. Bxg5 Rxg5 41. Qe3 Qf6 42. Rxc7 Rxc7 43. Rxc7 Rg7 44. Ra7 hxg3 45. Ra8+ Kh7 46. fxg3 Qh4 0-1

[Event "Politiken Cup 33rd"]
[Site "Helsingor"]
[Date "2011.08.07"]
[Round "10"]
[White "Okland, Sveinung"]
[Black "Rosell, Sven"]
[Result "0-1"]
[WhiteElo "1836"]
[BlackElo "1979"]
[PlyCount "52"]
[EventDate "2011.07.30"]
[EventType "swiss"]
[EventRounds "10"]
[EventCountry "DEN"]
[SourceTitle "CBM 143 Extra"]
[Source "ChessBase"]
[SourceDate "2011.08.29"]
[SourceVersion "1"]
[SourceVersionDate "2011.08.29"]
[SourceQuality "1"]

1. d4 Nf6 2. Nc3 d5 3. e4 dxe4 4. f3 exf3 5. Nxf3 g6 6. Bc4 Bg7 7. 0-0 0-0 8. Qe1 Bg4 9. Qh4 Bxf3 10. Rxf3 Nc6 11. Be3 Qd7 12. Raf1 Na5 13. Bd3 Ng4 14. Bf5 gxf5 15. Rh3 h6 16. Bxh6 Nxh6 17. Rg3 Kh7 18. Rxg7+ Kxg7 19. Qg5+ Kh7 20. Ne2 Rg8 21. Qh5 Rg6 22. c3 Rag8 23. Nf4 Rg5 24. Qh3 Rg4 25. Qf3 Rxf4 26. Qxf4 Nc4 0-1

[Event "Politiken Cup 33rd"]
[Site "Helsingor"]
[Date "2011.08.03"]
[Round "6"]
[White "Andersen, Claus Nis"]
[Black "Rosell, Sven"]
[Result "0-1"]
[WhiteElo "1811"]
[BlackElo "1979"]
[PlyCount "76"]
[EventDate "2011.07.30"]
[EventType "swiss"]
[EventRounds "10"]
[EventCountry "DEN"]
[SourceTitle "CBM 143 Extra"]
[Source "ChessBase"]
[SourceDate "2011.08.29"]
[SourceVersion "1"]
[SourceVersionDate "2011.08.29"]
[SourceQuality "1"]

1. d4 Nf6 2. c4 g6 3. Nc3 Bg7 4. g3 d6 5. Bg2 0-0 6. Nf3 Nbd7 7. 0-0 e5 8. Bg5 exd4 9. Nxd4 h6 10. Bxf6 Qxf6 11. e3 Ne5 12. Nd5 Qd8 13. Qc2 c6 14. Nf4 Qe7 15. h3 Bd7 16. Rad1 Rab8 17. b3 a6 18. Rd2 Rfd8 19. Rfd1 c5 20. Nd5 Qf8 21. Nf3 Bf5 22. Qc1 b5 23. g4 Be6 24. cxb5 axb5 25. Nxe5 Bxe5 26. Nc7 Rd7 27. Nxb5 Rxb5 28. Bc6 Rb6 29. Bxd7 Bxd7 30. f4 Bf6 31. Qa3 Qe7 32. Qa8+ Kg7 33. Qf3 Bc6 34. Qe2 Bb7 35. Rc1 Qe4 36. Kh2 Bh4 37. Rdd1 Ba6 38. Qg2 Qxe3 0-1